Evaluácia autenticity spravodajských článkov na báze machine learningu
Na minha lista:
| Autor principal: | |
|---|---|
| Outros Autores: | |
| Formato: | Manuscrito Livro |
| Idioma: | eslovaco |
| Publicado em: |
2021
|
| Assuntos: | |
| Acesso em linha: | http://is.stuba.sk/zp/portal_zp.pl?podrobnosti=158057 |
| Tags: |
Sem tags, seja o primeiro a adicionar uma tag!
|
MARC
| LEADER | 00000ntm a22000003a 4500 | ||
|---|---|---|---|
| 001 | stuzp83827 | ||
| 003 | SK-STU | ||
| 005 | 20210612212205.0 | ||
| 007 | ta | ||
| 008 | 150427s2015----xo-----f-mn---000-0-slo-d | ||
| 040 | |a STU |b slo | ||
| 041 | 0 | |a slo | |
| 100 | 1 | |a Šrámek, Michal |u 066000 |k Z4 |4 aut |U MTF Materiálovotechnologická fakulta |T MTF Ústav aplikovanej informatiky, automatizácie a mechatroniky |X 80215 |U M6000 |Y 86 |7 80215 | |
| 242 | 0 | 1 | |a Machine Learning-based evaluation of the intelligence articles authenticity |y eng |
| 245 | 1 | 0 | |a Evaluácia autenticity spravodajských článkov na báze machine learningu |
| 260 | |c 2021 | ||
| 650 | 4 | |a Pandas |2 slo | |
| 650 | 4 | |a SciPy |2 slo | |
| 650 | 4 | |a strojové učenie |2 slo | |
| 650 | 4 | |a windows aplikácia |2 slo | |
| 650 | 4 | |a dátová veda |2 slo | |
| 650 | 4 | |a Python |2 slo | |
| 650 | 4 | |a Sk-learn |2 slo | |
| 650 | 4 | |a NumPy |2 slo | |
| 650 | 4 | |a Data science |2 eng | |
| 650 | 4 | |a Python |2 eng | |
| 650 | 4 | |a Sk-learn |2 eng | |
| 650 | 4 | |a NumPy |2 eng | |
| 650 | 4 | |a Pandas |2 eng | |
| 650 | 4 | |a SciPy |2 eng | |
| 650 | 4 | |a Windows application |2 eng | |
| 650 | 4 | |a Machine Learning |2 eng | |
| 700 | 1 | |a Špendla, Lukáš |u 066000 |k Z1 |4 ths |U MTF Materiálovotechnologická fakulta |T MTF Ústav aplikovanej informatiky, automatizácie a mechatroniky |X 52333 |U M6000 |Y 86 |7 A000052333 | |
| 856 | 4 | |u http://is.stuba.sk/zp/portal_zp.pl?podrobnosti=158057 | |
| 996 | |c M* DP-14790 |l MMSKP |s P |a 0 |w stuzp83827_0001 | ||